Ultimate Tagore / (Record no. 89846)

MARC details
000 -LEADER
fixed length control field 00565nam a22001937a 4500
005 - DATE AND TIME OF LATEST TRANSACTION
control field 20141204145124.0
010 ## - LCCN (DPL NO)
LC control number ENG-111144
020 ## - INTERNATIONAL STANDARD BOOK NUMBER
Terms of availability 350.00
International Standard Book Number 9789382420439
035 ## - SYSTEM CONTROL NUMBER
System control number EN-94676
037 ## - SOURCE OF ACQUISITION
Source of stock number/acquisition DBAD/PUB
082 ## - DEWEY DECIMAL CLASSIFICATION NUMBER
Classification number 563.1092
100 ## - MAIN ENTRY--PERSONAL NAME
Personal name Palit, Chittabrata
245 ## - TITLE STATEMENT
Title Ultimate Tagore /
Statement of responsibility, etc by Chittabrata Palit
260 ## - PUBLICATION, DISTRIBUTION, ETC. (IMPRINT)
Place of publication, distribution, etc New Delhi
Name of publisher, distributor, etc Kunal Books
Date of publication, distribution, etc 2014
270 ## - ADDRESS
City New Delhi
Postal code 110002
Address 4648/21, First Floor, Ansari Road, Daryaganj
300 ## - PHYSICAL DESCRIPTION
Extent ix,81p.
Dimensions 23cm(Hb)
500 ## - GENERAL NOTE
General note Includes index
942 ## - ADDED ENTRY ELEMENTS (KOHA)
Source of classification or shelving scheme Dewey Decimal Classification
Item type English Books
Call number suffix PAL
Classification part 863.1092
Holdings
Withdrawn status Lost status Not for loan Collection code Home library Current library Date acquired Source of acquisition Cost, normal purchase price Full call number Barcode Copy number Cost, replacement price Koha item type
    Not For Loan Non-fiction D.B.Act.Division D.B.Act.Division 10/11/2014 DBAD/PUB 350.00 863.1092 PAL EN-94676 1 350.00 English Books

© Delhi Public Library
Hit Counter
free hit counter